000 00311nam a22001217a 4500
008 170407b xxu||||| |||| 00| 0 eng d
041 _aeng
080 _a616
100 _a9
101 _aSHM
245 _aPATHOLOGY OF GRANULOMAS AND NEOPLASMS OF THE NOSE AND PARANASAL SINUSES
_cFRIEDMAN, I
942 _2udc
_cBK
999 _c10198
_d10198